Statistiques concernant Cocorico! n°3

Cliquez ici pour prendre le quiz!

Statistiques générales

  • Ce quiz a été pris 112 fois
  • Le résultat moyen est 5 sur 10

Statistiques - réponses

QuestionsRéponses% Correct
Quels frères créèrent le cinématographe?Auguste et Louis Lumière
95%
Quelle entreprise est à l'origine du premier pneumatique démontable?Michelin
80%
Quel homme est considéré comme le rénovateur des Jeux Olympiques modernes?Pierre de Coubertin
79%
Quel footballeur français a remporté le Ballon d'Or trois années d'affilée?Michel Platini
69%
Quel scientifique est considéré comme le père de la chimie moderne?Antoine de Lavoisier
52%
Quel est le livre (après la Bible) traduit dans le plus grand nombre de langues différentes?Le Petit Prince
41%
Quelle entreprise de production musicale possède le plus de parts de ce marché?Universal
40%
Quel aviateur est le premier à traverser la Manche en volant?Louis Blériot
32%
Quels animaux fictifs stupides deviennent messagers de l'Unicef en 2017?Lapins crétins
30%
Quel est le plus grand groupe éditorial européen?Groupe Hachette
17%

Distribution des résultats

Percentile par nombre de réponses

% des personnes avec chaque résultat

Votre développement - résultats

Vous n’avez pas pris ce quiz